[Event "Moscow op-E"]
[Site "Moscow"]
[Date "2011.02.01"]
[Round "4.73"]
[White "Avdeev, Ruslan"]
[Black "Obodchuk, Andrei"]
[Result "0-1"]
[WhiteElo "2130"]
[BlackElo "2391"]
[PlyCount "120"]
[EventDate "2011.01.29"]
[EventType "swiss"]
[EventRounds "9"]
[EventCountry "RUS"]
[SourceTitle "EXT 2022"]
[Source "ChessBase"]
[SourceDate "2021.10.06"]
[SourceVersion "1"]
[SourceVersionDate "2021.10.06"]
[SourceQuality "1"]

1. d4 Nf6 2. Bg5 Ne4 3. Bf4 c5 4. f3 Nf6 5. d5 d6 6. e4 g6 7. Nd2 Bg7 8. c3 0-0 9. Bd3 e6 10. dxe6 Bxe6 11. Nc4 d5 12. Nd2 Nc6 13. Ne2 c4 14. Bc2 Qb6 15. exd5 Bxd5 16. Be4 Nxe4 17. fxe4 Be6 18. Qc2 Ne5 19. Bxe5 Bxe5 20. Nf3 Bg7 21. 0-0-0 Rad8 22. Ned4 Bd7 23. Rde1 Qc5 24. h4 b5 25. h5 b4 26. hxg6 hxg6 27. e5 bxc3 28. Qxc3 Rfe8 29. Re4 Qd5 30. Rhe1 Bc8 31. Kb1 Bb7 32. R4e2 Qc5 33. b4 Qb6 34. Nc2 a5 35. a3 axb4 36. Qxb4 Qa6 37. Nfd4 Bd5 38. Qc3 Qb6+ 39. Ka2 Ba8 40. Rb1 Qc7 41. Rbe1 Rxe5 42. Qg3 Rde8 43. Nf3 Bxf3 44. Qxf3 Rxe2 45. Rxe2 Rxe2 46. Qxe2 Qb6 47. Nb4 Qd4 48. Kb1 Qa1+ 49. Kc2 Qb2+ 50. Kd1 Qb1+ 51. Kd2 c3+ 52. Ke3 Qc1+ 53. Kd3 Qxa3 54. Qe8+ Kh7 55. Qe4 Qc1 56. Kc4 Qf1+ 57. Kb3 Qf2 58. Nd3 Qf6 59. Kc2 Qd4 60. Qe8 Qd5 0-1

[Event "RUS-chT U20"]
[Site "Rybinsk"]
[Date "2010.08.08"]
[Round "7"]
[White "Leonov, Valery"]
[Black "Avdeev, Ruslan"]
[Result "1-0"]
[WhiteElo "1828"]
[BlackElo "2118"]
[PlyCount "75"]
[EventDate "2010.08.02"]
[EventType "team-swiss"]
[EventRounds "9"]
[EventCountry "RUS"]
[SourceTitle "EXT 2011"]
[Source "ChessBase"]
[SourceDate "2010.11.26"]
[SourceVersion "1"]
[SourceVersionDate "2010.11.26"]
[SourceQuality "1"]

1. Nf3 d5 2. e3 Nf6 3. b3 g6 4. Bb2 Bg7 5. d4 0-0 6. Nbd2 c6 7. Bd3 Bg4 8. 0-0 Re8 9. h3 Bxf3 10. Nxf3 Ne4 11. c4 e6 12. Qc2 f5 13. Rfd1 Nd7 14. Rac1 Rf8 15. Ne5 Bh6 16. Qe2 Ng5 17. b4 Nxe5 18. dxe5 f4 19. exf4 Rxf4 20. Rc2 Rh4 21. Bc1 Qe7 22. f4 Nf7 23. g3 Rxh3 24. Qg4 Rh5 25. Bxg6 hxg6 26. Qxg6+ Kf8 27. Qxh5 Qxb4 28. cxd5 cxd5 29. Rd3 Kg7 30. Qg4+ Bg5 31. Qe2 Be7 32. Rb3 Qd4+ 33. Be3 Qe4 34. Qg2 Qa4 35. Rxb7 Bd8 36. Qe2 Qe4 37. Qg4+ Bg5 38. Qxg5+ 1-0

[Event "RUS-chT U20"]
[Site "Rybinsk"]
[Date "2010.08.06"]
[Round "5"]
[White "Piskun, Alexey"]
[Black "Avdeev, Ruslan"]
[Result "1/2-1/2"]
[WhiteElo "2222"]
[BlackElo "2118"]
[PlyCount "119"]
[EventDate "2010.08.02"]
[EventType "team-swiss"]
[EventRounds "9"]
[EventCountry "RUS"]
[SourceTitle "EXT 2011"]
[Source "ChessBase"]
[SourceDate "2010.11.26"]
[SourceVersion "1"]
[SourceVersionDate "2010.11.26"]
[SourceQuality "1"]

1. d4 d5 2. c4 c6 3. Nf3 Nf6 4. Nc3 e6 5. Bg5 Nbd7 6. cxd5 exd5 7. e3 Be7 8. Qc2 0-0 9. Bd3 Re8 10. 0-0 Nf8 11. Rae1 Ng6 12. Ne5 Ng4 13. Bxe7 Qxe7 14. f4 N6xe5 15. fxe5 g6 16. h3 Nh6 17. Rf6 Be6 18. Qf2 Rac8 19. Qf3 Kh8 20. Qg3 a6 21. Na4 Qb4 22. Nc5 b6 23. Nxe6 Rxe6 24. Qh4 Rxe5 25. Rff1 Rh5 26. Qf6+ Kg8 27. Bxa6 Re8 28. Qxc6 Re6 29. Qb5 Qe7 30. Qd3 Nf5 31. Bc8 Rxe3 32. Rxe3 Nxe3 33. Re1 Qc7 34. Qxe3 Qxc8 35. Qe8+ Qxe8 36. Rxe8+ Kg7 37. Kf2 Rf5+ 38. Ke3 Rf1 39. Rb8 Re1+ 40. Kf2 Re6 41. Rd8 Rc6 42. Rxd5 Rc2+ 43. Kf3 Rxb2 44. a4 Rb4 45. Rd6 Rxa4 46. Ke4 Ra2 47. Rxb6 Rxg2 48. d5 Re2+ 49. Kd4 f5 50. d6 Kf6 51. Rb8 Rd2+ 52. Kc5 Ke6 53. Re8+ Kd7 54. Re7+ Kd8 55. Rxh7 f4 56. Rf7 g5 57. Rf5 Ra2 58. Rf8+ Kd7 59. Rf7+ Kd8 60. Rf8+ 1/2-1/2

[Event "RUS-chT U20"]
[Site "Rybinsk"]
[Date "2010.08.02"]
[Round "1"]
[White "Fedoseev, Vladimir1"]
[Black "Avdeev, Ruslan"]
[Result "1-0"]
[WhiteElo "2155"]
[BlackElo "2118"]
[PlyCount "87"]
[EventDate "2010.08.02"]
[EventType "team-swiss"]
[EventRounds "9"]
[EventCountry "RUS"]
[SourceTitle "EXT 2011"]
[Source "ChessBase"]
[SourceDate "2010.11.26"]
[SourceVersion "1"]
[SourceVersionDate "2010.11.26"]
[SourceQuality "1"]

1. d4 d5 2. c4 c6 3. Nf3 Nf6 4. e3 e6 5. Bd3 Bd6 6. Nbd2 Nbd7 7. 0-0 0-0 8. e4 dxe4 9. Nxe4 Nxe4 10. Bxe4 f5 11. Bc2 h6 12. Qe2 Re8 13. g4 fxg4 14. Ne5 Nf6 15. Bf4 b6 16. f3 Bb7 17. fxg4 c5 18. g5 hxg5 19. Bxg5 Bxe5 20. Qxe5 Ng4 21. Bxd8 Nxe5 22. Bxb6 cxd4 23. Bxd4 Nf3+ 24. Rxf3 Bxf3 25. Re1 Rad8 26. Bc3 e5 27. Be4 Bxe4 28. Rxe4 Rd1+ 29. Kg2 Ra1 30. a3 Rc1 31. Bxe5 Rc2+ 32. Kf3 Rc1 33. Bc3 Rxe4 34. Kxe4 Rc2 35. c5 Kf7 36. Kd5 Rxh2 37. Kd6 Ke8 38. Kc7 g5 39. c6 Rf2 40. Kb7 Rf8 41. Kxa7 g4 42. Be5 Rf5 43. c7 Kd7 44. Kb7 1-0

[Event "Kostroma Volga Cup op"]
[Site "Kostroma"]
[Date "2010.07.??"]
[Round "4"]
[White "Avdeev, Ruslan"]
[Black "Dmitriev, Pavel"]
[Result "1-0"]
[WhiteElo "2118"]
[BlackElo "1891"]
[PlyCount "49"]
[EventDate "2010.07.??"]
[EventType "swiss"]
[EventRounds "9"]
[EventCountry "RUS"]
[SourceTitle "EXT 2011"]
[Source "ChessBase"]
[SourceDate "2010.11.26"]
[SourceVersion "1"]
[SourceVersionDate "2010.11.26"]
[SourceQuality "1"]

1. e4 c5 2. Nf3 Nc6 3. d4 cxd4 4. Nxd4 Nf6 5. Nc3 d6 6. Bg5 e6 7. Qd2 Be7 8. f3 a6 9. 0-0-0 0-0 10. Bxf6 Bxf6 11. Nxc6 bxc6 12. Qxd6 Qb6 13. Qa3 Rb8 14. Bd3 Qf2 15. Rhf1 Qxg2 16. e5 Bxe5 17. Bxh7+ Kxh7 18. Qxf8 Qg5+ 19. f4 Bxf4+ 20. Kb1 Be5 21. Rg1 Qe3 22. Qxf7 Rxb2+ 23. Ka1 Bd7 24. Rg3 Bxg3 25. hxg3 1-0

[Event "Kostroma Volga Cup op"]
[Site "Kostroma"]
[Date "2010.07.??"]
[Round "1"]
[White "Makhno, Mikhail"]
[Black "Avdeev, Ruslan"]
[Result "1/2-1/2"]
[WhiteElo "1659"]
[BlackElo "2118"]
[PlyCount "74"]
[EventDate "2010.07.??"]
[EventType "swiss"]
[EventRounds "9"]
[EventCountry "RUS"]
[SourceTitle "EXT 2011"]
[Source "ChessBase"]
[SourceDate "2010.11.26"]
[SourceVersion "1"]
[SourceVersionDate "2010.11.26"]
[SourceQuality "1"]

1. e4 c5 2. Nf3 Nc6 3. d4 cxd4 4. Nxd4 Nf6 5. Nc3 e5 6. Ndb5 d6 7. Bg5 a6 8. Na3 b5 9. Nd5 Be7 10. Bxf6 Bxf6 11. c4 b4 12. Nc2 a5 13. Be2 0-0 14. 0-0 Rb8 15. b3 g6 16. Bg4 Bg7 17. Bxc8 Rxc8 18. Qd2 Kh8 19. Rad1 f5 20. f3 fxe4 21. fxe4 Qh4 22. Qd3 Nd4 23. Nxd4 exd4 24. g3 Qg5 25. Nf4 Qe5 26. Rde1 Rce8 27. Qe2 Bh6 28. Nd5 Rxf1+ 29. Qxf1 Rf8 30. Qd3 Bg7 31. Rf1 Rxf1+ 32. Kxf1 h5 33. h4 Qe6 34. Kg2 Be5 35. Qf3 Kg7 36. Qe2 Qf7 37. Qf3 Qe8 1/2-1/2

[Event "Kostroma Volga Cup op"]
[Site "Kostroma"]
[Date "2009.07.??"]
[Round "5"]
[White "Avdeev, Ruslan"]
[Black "Aleshintsev, Roman"]
[Result "1/2-1/2"]
[WhiteElo "2078"]
[BlackElo "1953"]
[PlyCount "89"]
[EventDate "2009.07.03"]
[EventType "swiss"]
[EventRounds "9"]
[EventCountry "RUS"]
[SourceTitle "EXT 2021"]
[Source "ChessBase"]
[SourceDate "2020.10.23"]
[SourceVersion "1"]
[SourceVersionDate "2020.10.23"]
[SourceQuality "1"]

1. e4 c5 2. Nf3 d6 3. d4 cxd4 4. Nxd4 Nf6 5. Nc3 g6 6. f4 Nbd7 7. Bb5 a6 8. Bxd7+ Nxd7 9. 0-0 Bg7 10. Be3 0-0 11. Qd2 Nf6 12. h3 b5 13. e5 Ne8 14. Nc6 Qd7 15. Nd5 Bb7 16. Ncxe7+ Kh8 17. f5 dxe5 18. f6 Nxf6 19. Nxf6 Qxe7 20. Bg5 Qc5+ 21. Kh1 Bc6 22. Rad1 e4 23. Qf4 e3 24. Qxe3 Qxe3 25. Bxe3 Rac8 26. c3 Rfd8 27. Bd4 a5 28. a3 b4 29. axb4 axb4 30. Rf4 Ba4 31. Rdf1 bxc3 32. bxc3 Bb3 33. Rh4 h6 34. Rhf4 Rd6 35. Ne4 Rdd8 36. Nf6 Rd6 37. Ne4 Rdd8 38. Nf6 Be6 39. Ng4 Bxd4 40. cxd4 Kg7 41. Ne3 Rc3 42. d5 Rxe3 43. dxe6 fxe6 44. Rf7+ Kg8 45. R7f6 1/2-1/2

[Event "Kostroma Volga Cup op"]
[Site "Kostroma"]
[Date "2009.07.??"]
[Round "1"]
[White "Avdeev, Ruslan"]
[Black "Shur, Tatiana"]
[Result "1-0"]
[WhiteElo "2078"]
[BlackElo "1526"]
[PlyCount "63"]
[EventDate "2009.07.03"]
[EventType "swiss"]
[EventRounds "9"]
[EventCountry "RUS"]
[SourceTitle "EXT 2021"]
[Source "ChessBase"]
[SourceDate "2020.10.23"]
[SourceVersion "1"]
[SourceVersionDate "2020.10.23"]
[SourceQuality "1"]

1. d4 Nf6 2. Bg5 e6 3. e4 Be7 4. Bxf6 Bxf6 5. Nc3 d5 6. e5 Be7 7. Nf3 c5 8. Ne2 Nc6 9. c3 Qb6 10. Qc2 Bd7 11. Rd1 Rc8 12. g3 0-0 13. h4 h6 14. g4 cxd4 15. Nexd4 Na5 16. Bd3 Nc4 17. Bxc4 Rxc4 18. g5 h5 19. g6 Be8 20. gxf7+ Bxf7 21. Rg1 Rfc8 22. Qd2 Qa5 23. Ng5 Rxd4 24. Qxd4 Rc4 25. Qd3 Bxg5 26. Rxg5 Re4+ 27. Kd2 Qxa2 28. Qb5 d4 29. Rdg1 dxc3+ 30. Kxc3 g6 31. Rxg6+ Bxg6 32. Qe8+ 1-0

[Event "Rybinsk op"]
[Site "Rybinsk"]
[Date "2009.06.18"]
[Round "7"]
[White "Avdeev, Ruslan"]
[Black "Toivonen, Alexander"]
[Result "0-1"]
[WhiteElo "2108"]
[BlackElo "2289"]
[PlyCount "58"]
[EventDate "2009.06.14"]
[EventType "swiss"]
[EventRounds "9"]
[EventCountry "RUS"]
[SourceTitle "CBM 131 Extra"]
[Source "ChessBase"]
[SourceDate "2009.09.03"]
[SourceVersion "2"]
[SourceVersionDate "2009.09.16"]
[SourceQuality "1"]

1. d4 d5 2. c4 c6 3. Nc3 Nf6 4. Nf3 e6 5. Bg5 Nbd7 6. e3 Qa5 7. Bxf6 Nxf6 8. Nd2 Be7 9. Bd3 0-0 10. Qc2 h6 11. Rg1 e5 12. dxe5 Ng4 13. Nb3 Qc7 14. cxd5 Qxe5 15. 0-0-0 Qxh2 16. d6 Bxd6 17. Ne4 Bc7 18. Qe2 Qe5 19. f3 Nf6 20. Nxf6+ Qxf6 21. g4 Re8 22. Be4 Be6 23. Rg2 Bd5 24. Nc5 Qe7 25. Qc2 b6 26. Bh7+ Kh8 27. Ne4 g6 28. Rh1 Bxe4 29. Qf2 Qc5+ 0-1

[Event "Rybinsk op"]
[Site "Rybinsk"]
[Date "2009.06.15"]
[Round "3"]
[White "Avdeev, Ruslan"]
[Black "Semenov, Evgeny D"]
[Result "1-0"]
[WhiteElo "2108"]
[BlackElo "1807"]
[PlyCount "85"]
[EventDate "2009.06.14"]
[EventType "swiss"]
[EventRounds "9"]
[EventCountry "RUS"]
[SourceTitle "CBM 131 Extra"]
[Source "ChessBase"]
[SourceDate "2009.09.03"]
[SourceVersion "2"]
[SourceVersionDate "2009.09.16"]
[SourceQuality "1"]

1. d4 Nf6 2. Bg5 Ne4 3. Bf4 c5 4. f3 Nf6 5. d5 d6 6. e4 g6 7. c4 Bg7 8. Nc3 0-0 9. Bd3 e5 10. dxe6 fxe6 11. Nge2 Nc6 12. 0-0 e5 13. Be3 Be6 14. Qd2 Nd4 15. Rad1 Qd7 16. Bh6 Rf7 17. Bxg7 Kxg7 18. f4 Bg4 19. h3 Bxe2 20. Nxe2 Raf8 21. Nxd4 cxd4 22. f5 Qc6 23. Rde1 Qb6 24. Kh2 Ng8 25. Rf3 Qd8 26. Ref1 Qh4 27. g3 Qh6 28. Qg2 gxf5 29. exf5 Nf6 30. g4 Qh4 31. Rg3 Qg5 32. Kg1 Kh8 33. h4 Qxh4 34. g5 Rg7 35. g6 h5 36. Rh3 Qg4 37. Qxg4 Nxg4 38. Rxh5+ Kg8 39. Rh4 Nf6 40. Kg2 Rd8 41. Re1 b6 42. Kf3 Kf8 43. b4 1-0

[Event "Rybinsk op"]
[Site "Rybinsk"]
[Date "2009.06.15"]
[Round "2"]
[White "Ivanov, Sergey A"]
[Black "Avdeev, Ruslan"]
[Result "1-0"]
[WhiteElo "2348"]
[BlackElo "2108"]
[PlyCount "87"]
[EventDate "2009.06.14"]
[EventType "swiss"]
[EventRounds "9"]
[EventCountry "RUS"]
[SourceTitle "CBM 131 Extra"]
[Source "ChessBase"]
[SourceDate "2009.09.03"]
[SourceVersion "2"]
[SourceVersionDate "2009.09.16"]
[SourceQuality "1"]

1. c4 e6 2. Nc3 d5 3. d4 Nf6 4. cxd5 exd5 5. Bg5 Be7 6. e3 c6 7. Qc2 h6 8. Bh4 0-0 9. Bd3 Re8 10. Nge2 Nbd7 11. 0-0 Ne4 12. Bxe7 Qxe7 13. Bxe4 dxe4 14. d5 Nf6 15. Rfd1 Nxd5 16. Rxd5 cxd5 17. Nxd5 Qg5 18. Qa4 Bg4 19. Nef4 Qe5 20. h3 Bf5 21. Qb4 Kh8 22. Qxb7 g5 23. Nh5 Bg6 24. Nhf6 Red8 25. Rd1 Rab8 26. Qxa7 Rxb2 27. Nd7 Qg7 28. N7f6 Qxf6 29. Nxf6 Rxd1+ 30. Kh2 Rxf2 31. Ng4 Rb2 32. Qe7 Kg8 33. Nf6+ Kg7 34. Ne8+ Kg8 35. Qe5 Kf8 36. Qxb2 Kxe8 37. a4 Bf5 38. Qe5+ Be6 39. a5 Rd5 40. Qb8+ Rd8 41. Qb5+ Ke7 42. a6 Bd5 43. a7 Ba8 44. Qe5+ 1-0

[Event "Rybinsk-ch"]
[Site "Rybinsk"]
[Date "2009.03.19"]
[Round "5"]
[White "Miloradov, Georgy B"]
[Black "Avdeev, Ruslan"]
[Result "1-0"]
[WhiteElo "2251"]
[BlackElo "2108"]
[PlyCount "87"]
[EventDate "2009.03.15"]
[EventType "tourn"]
[EventRounds "13"]
[EventCountry "RUS"]
[SourceTitle "EXT 2022"]
[Source "ChessBase"]
[SourceDate "2021.10.06"]
[SourceVersion "1"]
[SourceVersionDate "2021.10.06"]
[SourceQuality "1"]

1. e4 c5 2. Nf3 Nc6 3. d4 cxd4 4. Nxd4 Nf6 5. Nc3 e5 6. Ndb5 d6 7. Bg5 a6 8. Na3 b5 9. Bxf6 gxf6 10. Nd5 Bg7 11. c3 Ne7 12. Nc2 f5 13. exf5 Bxf5 14. Nce3 Be6 15. Qf3 Nxd5 16. Nxd5 0-0 17. a4 bxa4 18. Rxa4 Qg5 19. Ne3 d5 20. Be2 d4 21. h4 Qe7 22. Nf5 Bxf5 23. Qxf5 Rfe8 24. 0-0 Qxh4 25. Bc4 Kh8 26. cxd4 exd4 27. Ra3 Re5 28. Qc2 Rg5 29. g3 Qh3 30. Qe4 Rf8 31. Rxa6 Rh5 32. Qg2 Qc8 33. Be2 Re5 34. Bd3 f5 35. Qf3 Qe8 36. Kg2 Re6 37. Ra5 Re5 38. Raa1 Qb8 39. Rh1 Qxb2 40. Rxh7+ Kg8 41. Bc4+ Rf7 42. Ra8+ Bf8 43. Bxf7+ Kxh7 44. Qh5+ 1-0

[Event "Rybinsk Yaroslavia op"]
[Site "Rybinsk"]
[Date "2008.06.21"]
[Round "9.7"]
[White "Sergienko, Anton"]
[Black "Avdeev, Ruslan"]
[Result "0-1"]
[WhiteElo "1902"]
[BlackElo "2108"]
[PlyCount "70"]
[EventDate "2008.06.15"]
[EventType "swiss"]
[EventRounds "9"]
[EventCountry "RUS"]
[SourceTitle "EXT 2022"]
[Source "ChessBase"]
[SourceDate "2021.10.06"]
[SourceVersion "1"]
[SourceVersionDate "2021.10.06"]
[SourceQuality "1"]

1. d4 d5 2. c4 c6 3. Nc3 Nf6 4. e3 e6 5. Nf3 Nbd7 6. Qc2 Bd6 7. b3 0-0 8. Be2 Re8 9. Bb2 b6 10. 0-0 Bb7 11. Rac1 c5 12. Rfd1 Qb8 13. Nb5 Be7 14. dxc5 bxc5 15. Qc3 a6 16. Na3 Bf8 17. h3 Ne4 18. Qc2 Bd6 19. cxd5 exd5 20. Bd3 Ndf6 21. Bxf6 Nxf6 22. Ng5 h6 23. Bh7+ Kf8 24. Nf3 Rd8 25. Bf5 Ra7 26. Qb2 Ba8 27. Rd2 Re7 28. Nb1 d4 29. exd4 Bf4 30. Rxc5 Bxf3 31. gxf3 Re1+ 32. Kg2 Bxd2 33. Qxd2 Ree8 34. Qb2 Nd5 35. Qa3 Kg8 0-1

[Event "Rybinsk Yaroslavia op"]
[Site "Rybinsk"]
[Date "2008.06.19"]
[Round "6.8"]
[White "Zizlova, Sofia"]
[Black "Avdeev, Ruslan"]
[Result "0-1"]
[WhiteElo "2035"]
[BlackElo "2108"]
[PlyCount "76"]
[EventDate "2008.06.15"]
[EventType "swiss"]
[EventRounds "9"]
[EventCountry "RUS"]
[SourceTitle "EXT 2022"]
[Source "ChessBase"]
[SourceDate "2021.10.06"]
[SourceVersion "1"]
[SourceVersionDate "2021.10.06"]
[SourceQuality "1"]

1. c4 e6 2. Nc3 d5 3. d4 Nf6 4. cxd5 exd5 5. Bg5 Be7 6. e3 c6 7. Qc2 Nbd7 8. Bd3 h6 9. Bf4 Nh5 10. Bg3 Nxg3 11. hxg3 Nf6 12. Nge2 Bd6 13. Rb1 a6 14. b4 0-0 15. a4 Re8 16. 0-0 Ng4 17. Bf5 Qg5 18. Bxg4 Bxg4 19. Qd2 h5 20. b5 axb5 21. axb5 h4 22. f4 Qh5 23. Kf2 Ra3 24. Rh1 Bxe2 25. Nxe2 hxg3+ 26. Nxg3 Qg6 27. Ne2 Rd3 28. Qc1 Ba3 29. Qf1 Rdxe3 30. bxc6 Rxe2+ 31. Qxe2 Rxe2+ 32. Kxe2 Qxc6 33. Kd2 g6 34. Rb3 Bd6 35. g3 Qc4 36. Rhb1 Qxd4+ 37. Ke2 Qe4+ 38. Kd2 d4 0-1

[Event "Rybinsk Yaroslavia op"]
[Site "Rybinsk"]
[Date "2008.06.17"]
[Round "4.13"]
[White "Yusubov, Timur"]
[Black "Avdeev, Ruslan"]
[Result "0-1"]
[WhiteElo "2030"]
[BlackElo "2108"]
[PlyCount "72"]
[EventDate "2008.06.15"]
[EventType "swiss"]
[EventRounds "9"]
[EventCountry "RUS"]
[SourceTitle "EXT 2022"]
[Source "ChessBase"]
[SourceDate "2021.10.06"]
[SourceVersion "1"]
[SourceVersionDate "2021.10.06"]
[SourceQuality "1"]

1. d4 d5 2. c4 c6 3. Nf3 Nf6 4. Nc3 e6 5. cxd5 exd5 6. Bg5 Be7 7. e3 Bf5 8. Bd3 Bxd3 9. Qxd3 0-0 10. 0-0 Nbd7 11. Rab1 Ne4 12. Bxe7 Qxe7 13. b4 a6 14. Nd2 f5 15. a4 Rf6 16. b5 axb5 17. axb5 Rg6 18. bxc6 bxc6 19. Ncxe4 fxe4 20. Qb3 Rf8 21. Qb7 Qe6 22. Rfc1 Qf5 23. g3 Qxf2+ 24. Kh1 Qxd2 25. Qxd7 Qxe3 26. Rxc6 Rxc6 27. Qxd5+ Kh8 28. Qxc6 Qxd4 29. Qb6 Qd3 30. Qb5 Qf3+ 31. Kg1 Qf2+ 32. Kh1 e3 33. Qc5 Qf3+ 34. Kg1 e2 35. Qc1 Qf2+ 36. Kh1 Qf1+ 0-1

[Event "Rybinsk Yaroslavia op"]
[Site "Rybinsk"]
[Date "2008.06.16"]
[Round "2.2"]
[White "Simonov, Vladimir"]
[Black "Avdeev, Ruslan"]
[Result "1-0"]
[WhiteElo "2301"]
[BlackElo "2108"]
[PlyCount "31"]
[EventDate "2008.06.15"]
[EventType "swiss"]
[EventRounds "9"]
[EventCountry "RUS"]
[SourceTitle "EXT 2022"]
[Source "ChessBase"]
[SourceDate "2021.10.06"]
[SourceVersion "1"]
[SourceVersionDate "2021.10.06"]
[SourceQuality "1"]

1. d4 d5 2. c4 c6 3. Nc3 Nf6 4. Nf3 e6 5. Qb3 Nbd7 6. Bg5 Be7 7. e3 h6 8. Bh4 0-0 9. Bd3 b6 10. 0-0 Nh7 11. Bg3 f5 12. cxd5 cxd5 13. Nxd5 Rf7 14. Nc7 Bb7 15. Nxe6 Qc8 16. Rac1 1-0

[Event "Rybinsk Yaroslavia op"]
[Site "Rybinsk"]
[Date "2008.06.15"]
[Round "1.19"]
[White "Avdeev, Ruslan"]
[Black "Shmarina, Daria"]
[Result "1-0"]
[WhiteElo "2108"]
[BlackElo "1787"]
[PlyCount "57"]
[EventDate "2008.06.15"]
[EventType "swiss"]
[EventRounds "9"]
[EventCountry "RUS"]
[SourceTitle "EXT 2022"]
[Source "ChessBase"]
[SourceDate "2021.10.06"]
[SourceVersion "1"]
[SourceVersionDate "2021.10.06"]
[SourceQuality "1"]

1. d4 Nf6 2. Bg5 d5 3. Bxf6 gxf6 4. Nf3 Nc6 5. e3 a6 6. c4 dxc4 7. Bxc4 Bg4 8. Nbd2 e5 9. d5 Nb4 10. e4 c6 11. 0-0 b5 12. Bb3 cxd5 13. exd5 f5 14. Qe1 Nd3 15. Qe3 e4 16. Nxe4 fxe4 17. Qxe4+ Be7 18. Qxd3 Qd6 19. Rfe1 0-0-0 20. Ne5 Bh5 21. Qf5+ Kb7 22. Qxh5 Qc5 23. Nc6 Rd7 24. Nxe7 Rxe7 25. Rxe7+ Qxe7 26. d6 Qxd6 27. Qd5+ Qxd5 28. Bxd5+ Kb6 29. Bxf7 1-0